|
|
|
|
| LEADER |
00000cam a2200000 a 4500 |
| 001 |
vtls010352336 |
| 003 |
SK-MaSNL |
| 005 |
20260426015251.0 |
| 008 |
240314s2011 xo dol e 001 0 cze |
| 015 |
|
|
|a SNBA2012/07-03655
|
| 020 |
|
|
|a 9788089401574
|q (brož.)
|
| 035 |
|
|
|a 712A7C19-8E93-4A91-910F-6DB9F825C040
|
| 035 |
|
|
|a urn:nbn:sk:snk-amjkee
|
| 035 |
|
|
|a urn:nbn:sk:snk-am002d45
|
| 040 |
|
|
|a SNK
|b slo
|c SNK
|e AACR2
|
| 041 |
0 |
|
|a cze
|b eng
|
| 043 |
|
|
|a e-xr---
|
| 044 |
|
|
|a xo
|c SK
|
| 072 |
|
7 |
|a 17
|x Etika. Morálna filozofia
|2 konspekt
|
| 080 |
|
|
|a 17:658
|2 2001
|
| 080 |
|
|
|a (437.3)
|2 2001
|
| 080 |
|
|
|a (048.8)
|2 2001
|
| 100 |
1 |
|
|a Tomancová, Lucie,
|d 1981-
|4 aut
|9 134467
|
| 245 |
1 |
0 |
|a Etika v podnikání
|b [úroveň etiky v podnikání : využívané etické nástroje : přínosy etického chování : v českém podnikatelském prostředí]
|c Lucie Tomancová
|
| 250 |
|
|
|a 1. vyd.
|
| 260 |
|
|
|a Žilina
|b Georg
|c 2011
|
| 300 |
|
|
|a 160 s.
|b fotogr., grafy, tab.
|c 24 cm
|
| 366 |
|
|
|e 200 výt.
|
| 500 |
|
|
|a V rámci projektu č. IGA/69/FaME/10/D
|
| 504 |
|
|
|a Bibliogr. s. 146-158. Pozn. Reg. Zoz. skrat. a zn.
|
| 546 |
|
|
|a Res. angl.
|
| 650 |
0 |
7 |
|a manažérska etika
|2 SNKPH
|9 4266
|
| 650 |
0 |
7 |
|a Business ethics
|2 SNKPHeng
|9 313125
|
| 651 |
|
7 |
|a Česko
|2 SNKPH
|9 16753
|
| 651 |
|
7 |
|a Czechia
|2 SNKPHeng
|9 170107
|
| 655 |
|
7 |
|a monografie
|2 SNKPH
|9 70139
|
| 655 |
|
7 |
|a Monographs
|2 SNKPHeng
|9 120675
|
| 852 |
|
|
|a Štátna vedecká knižnica v Banskej Bystrici
|
| 919 |
|
|
|a 978-80-89401-57-4
|
| 958 |
|
|
|a NB
|
| 958 |
|
|
|a CZ
|
| 958 |
|
|
|a NM
|
| 968 |
|
|
|d 1
|
| 999 |
|
|
|c 1180421
|d 1182351
|
| 952 |
|
|
|a SNK
|b SNK
|y PREZ
|7 0
|p 17A1032460
|o snkSC 150574
|i snk2012/14950
|8 0
|0 0
|1 0
|4 0
|d 2012-07-30
|l 0
|r 2025-07-21 00:00:00
|w 2026-02-24
|
| 952 |
|
|
|a SNK
|b SNK
|y VYP
|7 0
|p 17A1032459
|o snkSC 150574 D1
|i snk2012/14951
|8 0
|0 0
|1 0
|4 0
|d 2012-07-30
|f 1
|l 0
|r 2026-02-24 21:36:31
|w 2026-02-24
|